| 000 | 00429nam a2200181Ia 4500 | ||
|---|---|---|---|
| 005 | 20250423100735.0 | ||
| 008 | 250422s9999 xx 000 0 und d | ||
| 020 | _a0201627523 | ||
| 050 | _aHD 30 .25 .W384/ | ||
| 100 | _aWaters, Donald | ||
| 245 | 0 | _aQuantitative methods for business | |
| 260 | _aHarlow | ||
| 260 | _bPrentice Hall | ||
| 260 | _c2011 | ||
| 300 | _a603 p | ||
| 650 | _aMathematical Models | ||
| 942 | _cBK | ||
| 999 |
_c34207 _d34207 |
||